Statistics for Taylor Swift lyric quiz #1

Click here to take the quiz!

General Stats

  • This quiz has been taken 34 times
  • The average score is 226 of 386

Answer Stats

Answer% Correct
I
100%
you
94%
to
88%
the
84%
me
81%
we
81%
and
75%
do
75%
in
75%
love
72%
on
72%
don't
69%
go
69%
that
66%
when
66%
all
63%
it
63%
know
63%
my
63%
so
63%
then
63%
time
63%
was
63%
could
59%
like
59%
say
59%
they
59%
up
59%
were
59%
back
56%
first
56%
how
56%
night
56%
one
56%
this
56%
but
53%
I'd
50%
I'm
50%
no
50%
LA
47%
never
47%
very
47%
wish
47%
at
44%
car
44%
down
44%
every
44%
miss
44%
not
44%
saw
44%
as
41%
did
41%
much
41%
out
41%
we'd
41%
didn't
38%
goes
38%
take
38%
about
34%
'cause
34%
fell
34%
fly
34%
read
34%
both
31%
comin'
31%
fall
31%
friends
31%
going
31%
hotel
31%
lead
31%
pick
31%
through
31%
alone
28%
away
28%
everything
28%
picture
28%
remember
28%
sky
28%
apart
25%
broke
25%
different
25%
drive
25%
each
25%
hallway
25%
knows
25%
party
25%
polaroid
25%
roads
25%
runnin'
25%
same
25%
seem
25%
weren't
25%
words
25%
write
25%
broken-hearted
22%
built
22%
children
22%
hearts
22%
note
22%
other's
22%
phone
22%
quo
22%
ridin'
22%
ridin
22%
status
22%
tryin'
22%
weekend
22%
whisper
22%
dance
19%
forget
19%
kitchen
16%
chased
13%
tale
6%

Score Distribution

Percentile by Number Answered

Percent of People with Each Score

Your Score History

You have not taken this quiz